The Myth of Independence (Record no. 3385)

MARC details
000 -LEADER
fixed length control field 00461 a2200145 4500
008 - FIXED-LENGTH DATA ELEMENTS--GENERAL INFORMATION
fixed length control field 250512b |||||||| |||| 00| 0 eng d
020 ## - INTERNATIONAL STANDARD BOOK NUMBER
ISBN 9780691163192
100 ## - MAIN ENTRY--AUTHOR
Author Binder Sarah
245 ## - TITLE STATEMENT
Title The Myth of Independence
Remainder of title How Congress Governs the Federal Reserve
260 ## - PUBLICATION, DISTRIBUTION, ETC. (IMPRINT)
Place of publication New Jersey
Name of publisher Princeton University Press
Date of publication 2017
300 ## - COLLATION
Pagination xv, 282P.
650 ## - TRACINGS
Main Subject United States. Federal Reserve Board
Subdivision (1st) United States, Congress
942 ## - ADDED ENTRY ELEMENTS (KOHA)
Item type Books
050 ## - LIBRARY OF CONGRESS CALL NUMBER
Classification number HG2565
Item number .B56
Holdings
Source of classification or shelving scheme Not for loan Permanent location Current location Date acquired Accession No. Full call number Barcode. Koha item type
Library of Congress Classification   Samuel Ogbemudia Main Library, University of Abuja Samuel Ogbemudia Main Library, University of Abuja 05/12/2025 2024/63923 HG2565.B56 2025-1855 Books